| 000 | 01196nam a2200181Ia 4500 | ||
|---|---|---|---|
| 008 | 151202s9999||||xx |||||||||||||| ||und|| | ||
| 082 | _bPNVM-91120 | ||
| 100 | _aदेवताले चंद्रकान्त /अनु पाटील चंद्रकान्त | ||
| 245 | _aडबक्यात सुर्याचे प्रतिबिंब-मुक्तिबोध यांचे निवडक गद्यलेखन | ||
| 260 | _bनॅशनल बुक ट्रस्ट इंडिया | ||
| 260 | _c2015 | ||
| 300 | _a272 | ||
| 600 | _aदेवताले चंद्रकान्त /अनु पाटील चंद्रकान्त | ||
| 630 | _aडबक्यात सुर्याचे प्रतिबिंब-मुक्तिबोध यांचे निवडक गद्यलेखन | ||
| 700 | _aदेवताले चंद्रकान्त /अनु पाटील चंद्रकान्त | ||
| 730 | _aडबक्यात सुर्याचे प्रतिबिंब-मुक्तिबोध यांचे निवडक गद्यलेखन | ||
| 942 | _cBOOK | ||
| 999 |
_c1350804 _d1350801 |
||